00525cam a2200193 a 450000100100000000500170001000800410002702000150006803500190008304000180010208200240012010000300014424500390017425000120021326000370022530000210026265000220028365000260030500000789520200929154335.0900716s1994 sp 000 f spa d a843224550X a(DLC) 90872160 aDO-SdBNPcDLC a863.64bL791L, 19941 aLlamazares, Julio,d1955-10aLuna de lobos /cJulio Llamazares. a20a ed. aBarcelona :bSeix Barral,c1994. a153 p. ;c20 cm. 4aNovela española 4aLiteratura española